| 000 | 00000nam##2200000za#4500 |
| 001 | 9.546968 |
| 003 | CaOODSP |
| 005 | 20200709171242 |
| 007 | ta |
| 008 | 150406|2008||||xxc||||| f|0| 0 eng|d |
| 040 | |aCaOODSP|beng |
| 041 | |aeng |
| 041 | |afre |
| 043 | |an-cn--- |
| 086 | 1 |aRv55-5/1-8-1-2008 |
| 110 | 2 |aCanada Border Services Agency. |
| 245 | 10|aLicensing of customs brokers |
| 260 | |aOttawa - Ontario : |bCanada Border Services Agency |
| 300 | |aEnglish text, 12p. : |bfigs., references ; |c28 cm. |
| 490 | 1 |aCustoms D memoranda. D1, General |vD1-8-1, September 17, 2008 |
| 563 | |aProcessed |
| 776 | 0#|tLicensing of customs brokers |w(CaOODSP)9.564816 |
| 776 | 0#|tAgrément des courtiers en douane |w(CaOODSP)9.596476 |
| 792 | |tAgrément des courtiers en douane |efre|w(CaOODSP)9.546969 |
| 830 | #0|aCustoms D memoranda. D1, General ;|vD1-8-1, September 17, 2008|w(CaOODSP)9.510780 |